Hortense Littlewood v David Radford and Another (Formerly T/a Boston Carrington Pritchard) (Record no. 81977)

MARC details
000 -LEADER
fixed length control field 01990cad a22002175a 4500
001 - CONTROL NUMBER
control field L148863
008 - FIXED-LENGTH DATA ELEMENTS--GENERAL INFORMATION
fixed length control field 091118e20091013xxk f v 000 0 eng d
035 ## - SYSTEM CONTROL NUMBER
System control number (Sirsi) u148863
041 0# - LANGUAGE CODE
Language code of text/sound track or separate title eng
245 00 - TITLE STATEMENT
Title Hortense Littlewood v David Radford and Another (Formerly T/a Boston Carrington Pritchard)
Medium [electronic resource]
260 ## - PUBLICATION, DISTRIBUTION, ETC.
Date of publication, distribution, etc. 2009
520 ## - SUMMARY, ETC.
Summary, etc. [2009] EWCA Civ 1024, 13 October 2009. The case relates to an appeal against a professional negligence from a surveyor. The appellant (L) chose the defendant (R), a firm of surveyors to act for her in acquiring the extension of the lease of her flat. R served a notice under S42 of the Leasehold Reform, Housing And Urban Development Act 1993. An application would have to be made to the Leasehold and Valuation Tribunal (LVT) on 8th November 2000 or the application would have to be withdrawn. R warned L about the non-payment of his invoice which she disregarded. Because of failure to apply by the deadline, she had to purchase the extension of the lease at a higher price. She appealed against R for failing to advise her on the need to make an LVT application. R argued that the instruction ceased before the LVT application had to be made. "Held:" appeal allowed. In August, R still regarded themselves as acting in behalf of L. This was again valid on 8th November. L, being a client inexperienced in this field, could be expected to rely on professional advisers to be reminded of the necessity to take on appropriate measures to protect her position.
590 ## - LOCAL NOTE (RLIN)
Local note KA
650 24 - SUBJECT ADDED ENTRY--TOPICAL TERM
Topical term or geographic name entry element LITTLEWOOD V RADFORD AND ANOTHER (FORMERLY T/A BOSTON CARRINGTON PRITCHARD)
650 24 - SUBJECT ADDED ENTRY--TOPICAL TERM
Topical term or geographic name entry element HOWARD AND WITCHELL V WOODMAN MATTHEWS AND CO
650 24 - SUBJECT ADDED ENTRY--TOPICAL TERM
Topical term or geographic name entry element LEASEHOLD REFORM, HOUSING AND URBAN DEVELOPMENT ACT 1993 S42
651 #4 - SUBJECT ADDED ENTRY--GEOGRAPHIC NAME
Geographic name England and Wales
Chronological subdivision 1543-
690 ## - LOCAL SUBJECT ADDED ENTRY--TOPICAL TERM (OCLC, RLIN)
Topical term or geographic name as entry element PROPERTY-TENURE-LEASEHOLD PROPERTY
856 40 - ELECTRONIC LOCATION AND ACCESS
Uniform Resource Identifier <a href="https://www.bailii.org/ew/cases/EWCA/Civ/2009/1024.html">https://www.bailii.org/ew/cases/EWCA/Civ/2009/1024.html</a>
Public note View the case free of charge at www.bailli.org...
942 ## - ADDED ENTRY ELEMENTS (KOHA)
Suppress in OPAC 0
Holdings
Withdrawn status Lost status Source of classification or shelving scheme Damaged status Not for loan Home library Current library Shelving location Date acquired Total Checkouts Full call number Barcode Date last seen Copy number Price effective from Koha item type
    Dewey Decimal Classification     Virtual Virtual Online 18/11/2009   ONLINE PUBLICATION 148863-2001 06/08/2019 1 06/08/2019 Law report